000 00448nam a2200181Ia 4500
001 14332
005 20260306164906.0
008 260306t1992||||xx |||||||||||||| ||spa||
041 _aESP
082 _a512.009
_bK61
100 _aKlein, Jacob
_eAUT
245 0 _aGreek mathematical thought and the origin of algebra
260 _c1992
300 _axv, 360 páginas :
_c22 cm.
650 _aGEN
654 _aCMA
942 _cLIB
_dJUS
_fJUS
_2ddc
_n
999 _c14332
_d14332